| 000 | 00554nam a2200205 a 4500 | ||
|---|---|---|---|
| 001 | 72663 | ||
| 003 | BD-RjUL | ||
| 005 | 20211209082308.0 | ||
| 008 | 170522s1956 enk 000 0 eng | ||
| 035 | _a(BD-RjUL)72881 | ||
| 040 |
_aDLC _cCarP _dBD-RjUL _beng |
||
| 041 | 1 |
_aeng _hfre |
|
| 082 |
_223 _a570.92 _bROB 1956 |
||
| 100 | 1 |
_aRostand, Jean, _d1894-1977. _9214937 |
|
| 245 | 1 | 2 |
_aA biologist's view / _cJean Rostand |
| 260 |
_aLondon : _bHeinemann, _cc1956 |
||
| 300 |
_a53 p. ; _c19 cm. |
||
| 650 |
_aBiology--Philosophy _9214938 |
||
| 942 |
_2ddc _cBK |
||
| 999 |
_c72663 _d72663 |
||